Cities & Towns on a 13th-Century Map of Britain - Statistics

General Stats
  • This quiz has been taken 33 times
  • The average score is 30 of 110
Answers on the Map
Answers color-coded by a green-red scale on the quiz's map according to % correct below.
 
Answer Stats
Place % Correct
LondonLondon
100%
EdeneburcEdinburgh
89%
HabdenAberdeen
89%
EboracuYork
81%
GlascuGlasgow
81%
OxonOxford
78%
BristolduBristol
74%
DundeDundee
74%
Est'uelinStirling
74%
Gratebr'Cambridge
74%
NorwicuNorwich
74%
CestaChester
70%
DouaDover
70%
Legrecest'Leicester
70%
BathoniaBath
67%
Notigh'Nottingham
67%
Nouu CastumNewcastle-upon-Tyne
67%
Cantuar'Canterbury
63%
GipewicIpswich
63%
GlouniaGloucester
63%
KarleoluCarlisle
63%
WintoniaWinchester
63%
Colecest'Colchester
59%
ExoniaExeter
59%
Linc'Lincoln
59%
SuhatunSouthampton
59%
WigoniaWorcester
59%
BerewicBerwick-upon-Tweed
56%
Potem'Portsmouth
56%
HastigHastings
52%
DunelmuDurham
48%
Burg'Peterborough
44%
CicestrChichester
44%
Norhamt'Northampton
44%
Saresb'Salisbury
41%
Bedef'Bedford
37%
RofaRochester
33%
Salopesb'Shrewsbury
33%
Sci AlbaniSt Albans
33%
Sci AndreeSt Andrews
33%
Denecast'Doncaster
30%
WellesWells
30%
WindlerhoresWindsor
30%
Dunf'melinDunfermline
26%
GrimesbiGrimsby
26%
IernemueGreat Yarmouth
26%
RichemudRichmond
22%
AberbroþotArbroath
19%
LichefeldLichfield
19%
NeuwecNewark-on-Trent
19%
RieRye
19%
TantuTaunton
19%
WitebiWhitby
19%
BangorBangor
15%
Glastigh'Glastonbury
15%
GrahaGrantham
15%
LenKing's Lynn
15%
S' DauidSt Davids
15%
BeuevlacuBeverley
11%
DunbaminDumbarton
11%
KarmerdinCarmarthen
11%
LeuuesLewes
11%
AlutonaNorthallerton
7%
DertesmueDartmouth
7%
DunestapDunstable
7%
Marleb'Marlborough
7%
Stamf'Stamford
7%
Tanfitus RegineQueensferry
7%
ThefortThetford
7%
Tot'Totnes
7%
WalthaWaltham Cross
7%
BabcBamburgh
4%
BealwarBelvoir
4%
BeuliBeaulieu
4%
BlieBlyth
4%
BrugeBridgnorth
4%
CroiladCrowland
4%
DiuisDevizes
4%
FerenduFaringdon
4%
F'nhaFarnham
4%
MelrosMelrose
4%
Pola Ab'Welshpool
4%
PonffactPontefract
4%
Pons BurgiBoroughbridge
4%
RamesiaRamsey
4%
RokesburcRoxburgh
4%
RumeRomney
4%
SorhaShoreham
4%
Spaud'Spalding
4%
Theokesb'Tewkesbury
4%
ThinemueTynemouth
4%
TintaiolTintagel
4%
Wimudh'Wymondham
4%
WituWilton
4%
BeilandByland
0%
BinhamBinham
0%
CorfCorfe
0%
DinkeualDingwall
0%
GiseburneGuisborough
0%
IanLympne
0%
KirkestudKirkstead
0%
LandafLlandaff
0%
Mof GomicMontgomery
0%
OrefordOrford
0%
Porecest'Portchester
0%
S' OsithSt Osyth
0%
Tanfitus ComitifEarlsferry
0%
TornThorney
0%
Walle'Wallsend
0%
WichelesWinchelsea
0%
No matching quizzes found
Score Distribution
Percent of People with Each Score
Percentile by Number Answered
Your Score History
You have not taken this quiz